[Event "Konnerud Tempo høstturnering 2024 C"]
[Site "Gruppe A"]
[Date "2024.08.14"]
[Round "10"]
[White "Aure, Håvard"]
[Black "Andersson, Øivind"]
[Result "0-1"]
[WhiteElo "1607"]
[BlackElo "1662"]
[PlyCount "29"]
[GameId "2103917962137663"]
[EventDate "2024.??.??"]

1. c4 e5 2. Nc3 c6 3. g3 d5 4. cxd5 cxd5 5. Bg2 Nf6 6. d4 e4 7. e3 Bb4 8. Nge2 O-O 9. O-O a6 10. Qb3 Bxc3 11. bxc3 b5 12. Ba3 Re8 13. Nf4 Nc6 14. Bc5 Na5 15. Rfd1
0-1

[Event "Konnerud Tempo høstturnering 2024 C"]
[Site "Gruppe A"]
[Date "2024.08.14"]
[Round "11"]
[White "Rybakken, Erik"]
[Black "Aure, Håvard"]
[Result "1-0"]
[WhiteElo "1524"]
[BlackElo "1607"]
[PlyCount "133"]
[GameId "2088744002486385"]
[EventDate "2024.??.??"]

1. d4 Nf6 2. Nc3 d5 3. Bf4 e6 4. Nb5 Bd6 5. Nxd6+ cxd6 6. e3 O-O 7. Nf3 h6 8. Bd3 Nh5 9. Bg3 Nc6 10. Bh4 Ne7 11. g4 Qa5+ 12. c3 Nf6 13. Bxf6 gxf6 14. Rg1 Ng6 15. h4 e5 16. Bf5 Kh8 17. h5 Ne7 18. Nh4 Rg8 19. Qf3 Bxf5 20. Nxf5 Nxf5 21. Qxf5 Qd8 22. f4 Qe7 23. O-O-O Qe6 24. Qxe6 fxe6 25. Rdf1 e4 26. b4 b5 27. Rg2 Rac8 28. Kb2 Rg7 29. Rc1 Rcg8 30. Rcg1 Kh7 31. Kb3 Rc8 32. Rc1 Rgc7 33. g5 fxg5 34. fxg5 hxg5 35. Rxg5 Rg7 36. Rxg7+ Kxg7 37. Rg1+ Kh7 38. Rg6 Re8 39. Rf6 Re7 40. a4 a6 41. axb5 axb5 42. Rf8 Rg7 43. Rf6 e5 44. Rxd6 exd4 45. exd4 Re7 46. Kc2 e3 47. Kd1 e2+ 48. Ke1 Re3 49. Rxd5 Rxc3 50. Kxe2 Rc4 51. Rxb5 Rxd4 52. Ke3 Rh4 53. Kd3 Kh6 54. Kc3 Rh3+ 55. Kb2 Rh2+ 56. Ka3 Rh1 57. Rc5 Ra1+ 58. Kb3 Rb1+ 59. Kc4 Rf1 60. b5 Rc1+ 61. Kb4 Rb1+ 62. Ka5 Ra1+ 63. Kb6 Rf1 64. Kb7 Rf7+ 65. Ka6 Re7 66. b6 Re6 67. Ka7
1-0

[Event "Konnerud Tempo høstturnering 2024 C"]
[Site "Gruppe A"]
[Date "2024.08.14"]
[Round "6"]
[White "Rybakken, Erik"]
[Black "Løvaas, Roger"]
[Result "1-0"]
[WhiteElo "1524"]
[BlackElo "1660"]
[PlyCount "159"]
[GameId "2094101906153550"]
[EventDate "2024.??.??"]

1. d4 e6 2. Nc3 d5 3. Bf4 Nf6 4. Nb5 Bd6 5. Nxd6+ cxd6 6. e3 O-O 7. Nf3 Nc6 8. c3 Re8 9. h3 e5 10. Bh2 exd4 11. Nxd4 Nxd4 12. Qxd4 Re4 13. Qd1 d4 14. Bd3 Re7 15. cxd4 Qa5+ 16. Qd2 Qxd2+ 17. Kxd2 d5 18. f3 Bd7 19. g4 h6 20. h4 Rae8 21. Raf1 Bc6 22. g5 hxg5 23. hxg5 Nh5 24. Be5 g6 25. f4 Rxe5 26. fxe5 Ng3 27. Rfg1 Nxh1 28. Rxh1 Kg7 29. Rc1 Re6 30. b4 a6 31. Rb1 b5 32. Rb3 Kf8 33. Rb1 Kg7 34. Ra1 Bd7 35. Bc2 Rc6 36. Bb3 Be6 37. a4 bxa4 38. Rxa4 Rb6 39. Kc3 Rc6+ 40. Kb2 Kf8 41. Ra5 Rb6 42. Ka3 Rc6 43. Bxd5 Bxd5 44. Rxd5 Rc3+ 45. Ka4 Rxe3 46. Ka5 Ra3+ 47. Kb6 Rb3 48. Kc5 Rc3+ 49. Kb6 Rb3 50. b5 axb5 51. Rxb5 Re3 52. Kc6 Ke7 53. Kd5 Rd3 54. Rb7+ Kf8 55. Ke4 Rd1 56. Rb5 Ke7 57. d5 Re1+ 58. Kd4 Rd1+ 59. Kc5 Rc1+ 60. Kb6 Kd7 61. Ra5 Rb1+ 62. Ka7 Kc7 63. Rc5+ Kd7 64. Rc6 Ra1+ 65. Kb6 Rb1+ 66. Ka7 Ra1+ 67. Kb7 Rb1+ 68. Rb6 Rc1 69. Rd6+ Ke7 70. Rc6 Rb1+ 71. Kc7 Rd1 72. Rc5 Rd2 73. Kc6 Rd1 74. Rc4 Rd2 75. Rc5 Rd4 76. Kc7 Rd2 77. Kc8 Rd3 78. Rc7+ Ke8 79. d6 Rd1 80. d7+
1-0

[Event "Konnerud Tempo høstturnering 2024 C"]
[Site "Gruppe A"]
[Date "2024.08.14"]
[Round "7"]
[White "Lindkjølen, Mats"]
[Black "Pedersen, Bastian Tangedal"]
[Result "0-1"]
[WhiteElo "1581"]
[BlackElo "1595"]
[PlyCount "66"]
[GameId "2096334619517043"]
[EventDate "2024.??.??"]

1. e4 c6 2. d4 d5 3. f3 dxe4 4. fxe4 e5 5. Nf3 exd4 6. Bc4 Bb4+ 7. Bd2 Bc5 8. O-O Nf6 9. Kh1 O-O 10. Bg5 h6 11. Bh4 g5 12. Nxg5 Ng4 13. Nf3 Ne3 14. Qe2 Qd6 15. e5 Qg6 16. Rf2 Ng4 17. Bd3 Nxf2+ 18. Qxf2 Bf5 19. Bxf5 Qxf5 20. Bf6 Nd7 21. Qg3+ Qg6 22. Qh4 Nxf6 23. exf6 Rfe8 24. Nbd2 Re2 25. g3 Rae8 26. Rf1 Kh7 27. Nb3 R8e4 28. Qh3 Rxc2 29. Nxc5 Rxc5 30. Nh4 Qg4 31. Qg2 Re2 32. Qg1 Qe4+ 33. Nf3 Rcc2
0-1

[Event "Konnerud Tempo høstturnering 2024 C"]
[Site "Gruppe A"]
[Date "2024.08.14"]
[Round "7"]
[White "Løvaas, Roger"]
[Black "Asanov, Remzi"]
[Result "1-0"]
[WhiteElo "1660"]
[BlackElo "1561"]
[Annotator "haav-"]
[PlyCount "141"]
[GameId "2106506302828631"]
[EventDate "2024.??.??"]

1. d4 d6 2. Bf4 h6 3. Nf3 a6 4. e3 b6 5. c4 Bb7 6. Be2 e6 7. O-O Nd7 8. h3 Ngf6 9. Nc3 g5 10. Bh2 g4 11. Nd2 gxh3 12. g3 h5 13. Bf3 Qc8 14. Bxb7 Qxb7 15. Qf3 Qxf3 16. Nxf3 Ng4 17. Rac1 Bh6 18. Rfe1 Rg8 19. Ne4 f5 20. Ned2 Ndf6 21. Rc2 O-O-O 22. Nb3 Ne4 23. Rce2 Ng5 24. Nxg5 Bxg5 25. Nd2 h4 26. Nf1 e5 27. f4 Bf6 28. dxe5 dxe5 29. Kh1 exf4 30. exf4 Bd4 31. Bg1 Bxg1 32. Kxg1 Rd3 33. gxh4 Ne3+ 34. Kh2 Ng2 35. Re8+ Rxe8 36. Rxe8+ Kd7 37. Rg8 Rf3 38. Ng3 Nxf4 39. h5 Rf2+ 40. Kg1 Rg2+ 41. Kf1 Nxh5 42. Nxh5 Rxg8 43. Nf6+ Ke6 44. Nxg8 Ke5 45. Nh6 Kf4 46. Kf2 Kg5 47. Nf7+ Kf4 48. Nh6 Kg5 49. Nf7+ Kg4 50. Ne5+ Kh5 51. Kg3 h2 52. Kxh2 f4 53. Kg2 Kg5 54. Kf3 Kf5 55. Nd3 c6 56. Nb4 Ke5 57. b3 Kd4 58. Nxc6+ Kc3 59. Kxf4 a5 60. Nxa5 bxa5 61. c5 Kb2 62. c6 Kxa2 63. c7 Kxb3 64. c8=Q a4 65. Qe6+ Kb2 66. Qe5+ Kb3 67. Qb5+ Ka3 68. Ke3 Ka2 69. Qxa4+ Kb1 70. Kd3 Kb2 71. Qc6
1-0

[Event "Konnerud Tempo høstturnering 2024 C"]
[Site "Gruppe A"]
[Date "2024.08.14"]
[Round "7"]
[White "Andersson, Øivind"]
[Black "Rybakken, Erik"]
[Result "1-0"]
[WhiteElo "1662"]
[BlackElo "1524"]
[PlyCount "81"]
[GameId "2096340539924610"]
[EventDate "2024.??.??"]

1. e4 e5 2. Nf3 Nf6 3. d3 Nc6 4. c3 d5 5. exd5 Nxd5 6. Be2 Bd6 7. O-O O-O 8. Nbd2 Bg4 9. Ne4 Be7 10. a3 Nf4 11. Bxf4 exf4 12. d4 f5 13. Ned2 b6 14. Bb5 Rf6 15. Qb3+ Kh8 16. Bxc6 Rxc6 17. Ne5 Rf6 18. Nf7+ Rxf7 19. Qxf7 c5 20. Nb3 b5 21. h3 Be2 22. Rfe1 f3 23. Nc1 Qd7 24. Nxe2 Rf8 25. Qh5 fxg2 26. Nf4 Rf6 27. Re3 cxd4 28. cxd4 g6 29. Qe2 Bd6 30. Qf3 g5 31. Nh5 Rg6 32. Rae1 h6 33. Qe2 a5 34. Re6 Qc7 35. Re8+ Kh7 36. Re7+ Bxe7 37. Qxe7+ Qxe7 38. Rxe7+ Kg8 39. Kxg2 Rd6 40. Rb7 Rd5 41. Nf6+
1-0

[Event "Konnerud Tempo høstturnering 2024 C"]
[Site "Gruppe A"]
[Date "2024.08.14"]
[Round "10"]
[White "Pedersen, Bastian Tangedal"]
[Black "Asanov, Remzi"]
[Result "1-0"]
[WhiteElo "1595"]
[BlackElo "1561"]
[PlyCount "79"]
[GameId "2103922619654201"]
[EventDate "2024.??.??"]

1. e4 e5 2. Nc3 Bc5 3. Bc4 Nf6 4. d3 h6 5. Nge2 Nc6 6. a3 a6 7. O-O d6 8. Be3 Bxe3 9. fxe3 Bg4 10. Qe1 Qd7 11. Nd5 O-O-O 12. Nxf6 gxf6 13. Rxf6 Be6 14. Bd5 Rdg8 15. Qf2 Ne7 16. Bxe6 fxe6 17. Rf1 Ng6 18. d4 Kb8 19. Nc3 exd4 20. exd4 e5 21. Rf7 Qg4 22. Nd5 Rc8 23. Nf6 Qg5 24. Rg7 h5 25. dxe5 dxe5 26. Nd7+ Ka8 27. Nb6+ cxb6 28. Qxb6 Rb8 29. Rxg6 Qe7 30. b4 Rbc8 31. Qf2 Rc4 32. Qf6 Qc7 33. Qxh8+ Ka7 34. Qxh5 Rxc2 35. Qd1 Rc4 36. Qd5 Rc1 37. Rxc1 Qxc1+ 38. Kf2 Qf4+ 39. Ke2 Qxh2 40. Qc5+
1-0